|
|
|
|
| LEADER |
01188nam a2200373 4500 |
| 001 |
DLU090097165 |
| 005 |
##20091201 |
| 040 |
# |
# |
|a DLU
|b eng
|
| 041 |
# |
# |
|a eng
|
| 044 |
# |
# |
|a us
|
| 245 |
# |
# |
|a A reusable flow-through polymerase chain reaction instrument for the continuous monitoring of infectious biological agents /
|c Phillip Belgrader ... [et al.].
|
| 653 |
# |
# |
|a Biowarfare agents
|
| 653 |
# |
# |
|a Cost-effective methodologies
|
| 653 |
# |
# |
|a Infectious diseases
|
| 653 |
# |
# |
|a PCR
|
| 653 |
# |
# |
|a Polymerase chain reaction
|
| 700 |
# |
# |
|a Belgrader, Phillip.
|
| 700 |
# |
# |
|a Brown, Steven B.
|
| 700 |
# |
# |
|a Colston, Bill W., Jr.
|
| 700 |
# |
# |
|a Elkin, Christopher J.
|
| 700 |
# |
# |
|a Langlois, Richard G.
|
| 700 |
# |
# |
|a Marshall, Graham D.
|
| 700 |
# |
# |
|a Milanovich, Fred P.
|
| 700 |
# |
# |
|a Nasarabadi, Shanavaz N.
|
| 773 |
# |
# |
|t Analytical Chemistry
|g Vol. 75, no. 14 (July 2003), p. 3446-3450
|
| 920 |
# |
# |
|a Phòng Tạp chí -- Trung tâm Thông tin - Thư viện Trường Đại học Đà Lạt
|
| 994 |
# |
# |
|a DLU
|
| 900 |
# |
# |
|a True
|
| 911 |
# |
# |
|a Trương Bảo Trâm Anh
|
| 925 |
# |
# |
|a G
|
| 926 |
# |
# |
|a A
|
| 927 |
# |
# |
|a BB
|
| 980 |
# |
# |
|a Thư viện Trường Đại học Đà Lạt
|